Normal view
MARC view
- B诲ger, E.
Entry Personal Name
001 - CONTROL NUMBER
- control field: 93963
003 - CONTROL NUMBER IDENTIFIER
- control field: NUST
005 - DATE AND TIME OF LATEST TRANSACTION
- control field: 20220720100023.0
008 - FIXED-LENGTH DATA ELEMENTS
- fixed length control field: 220720|| aca||aabn | a|a d
040 ## - CATALOGING SOURCE
- Original cataloging agency: NUST
- Transcribing agency: NUST
100 ## - HEADING--PERSONAL NAME
- Personal name: B诲ger, E.
- Dates associated with a name: 1946-
670 ## - SOURCE DATA FOUND
- Source citation: Work cat.: (NUST)174740: Specification and validation methods /, 1995.
